Pokémon - Tous les Pokémons Roche - Statistiques

Statistiques générales
  • Ce quiz a été pris 26 fois
  • Le résultat moyen est 65 sur 86
Statistiques - réponses
Generation Numero Type de quiz Réponse % Correct
1ère 0076 Roche, Sol Grolem
100%
1ère 006 Alola : Roche, Électrique Grolem d’Alola
100%
1ère 0075 Roche, Sol Gravalanch
96%
1ère 0075 Alola : Roche, Électrique Gravalanch d’Alola
96%
1ère 0074 Roche, Sol Racaillou
96%
1ère 0074 Alola : Roche, Électrique Racaillou d’Alola
96%
1ère 0139 Roche, Eau Amonistar
91%
1ère 0138 Roche, Eau Amonita
91%
1ère 0140 Roche, Eau Kabuto
91%
1ère 0141 Roche, Eau Kabutops
91%
1ère 095 Roche, Sol Onix
91%
1ère 0142 Roche, Vol Ptéra
91%
1ère 0059 Hisui : Roche, Feu Arcanin d’Hisui
87%
4ème 0411 Roche, Acier Bastiodon
87%
1ère 0058 Hisui : Roche, Feu Caninos d’Hisui
87%
4ème 0409 Roche Charkos
87%
6ème 0719 Roche, Fée Diancie
87%
4ème 0410 Roche, Acier Dinoclier
87%
5ème 0526 Roche Gigalithe
87%
1ère 0142 Méga : Roche, Vol Méga-Ptéra
87%
5ème 0639 Roche, Combat Terrakium
87%
5ème 0567 Roche, Vol Aéropteryx
83%
5ème 0566 Roche, Vol Arkéapti
83%
3ème 0348 Roche, Insecte Armaldo
83%
2ème 0246 Roche, Sol Embrylex
83%
3ème 0305 Roche, Acier Galegon
83%
3ème 0304 Roche, Acier Galekid
83%
3ème 0306 Roche, Acier Galeking
83%
3ème 0345 Roche, Plante Lilia
83%
5ème 0524 Roche Nodulithe
83%
6ème 0697 Roche, Dragon Rexilius
83%
1ère 0111 Roche, Sol Rhinocorne
83%
1ère 0112 Roche, Sol Rhinoféros
83%
2ème 0248 Roche, Ténèbres Tyranocif
83%
3ème 0346 Roche, Plante Vacilys
83%
2ème 0247 Roche, Sol Ymphect
83%
3ème 0347 Roche, Insecte Anorith
78%
5ème 0557 Roche, Insecte Crabicoque
78%
5ème 0525 Roche Géolithe
78%
4ème 0408 Roche Kranidos
78%
6ème 0719 Méga : Roche, Fée Méga-Diancie
78%
3ème 0306 Méga : Roche Méga-Galeking
78%
2ème 0248 Méga : Roche, Ténèbres Méga-Tyranocif
78%
4ème 0464 Roche, Sol Rhinastoc
78%
6ème 0698 Roche, Glace Amagara
74%
5ème 0558 Roche, Insecte Crabaraque
74%
6ème 0699 Roche, Glace Dragmara
74%
5ème 0565 Roche, Eau Mégapagos
74%
6ème 0696 Roche, Dragon Ptyranidur
74%
3ème 0377 Roche Regirock
74%
3ème 0337 Roche, Psy Séléroc
74%
3ème 0338 Roche Psy Solaroc
74%
6ème 0703 Roche, Fée Strassie
74%
3ème 0299 Roche Tarinor
74%
2ème 0219 Roche, Feu Volcaropod
74%
7ème 0805 Roche, Acier Ama-Ama
70%
8ème 0837 Roche Charbi
70%
6ème 0689 Roche, Eau Golgopath
70%
8ème 0839 Roche, Feu Monthracite
70%
4ème 0476 Roche, Acier Tarinorme
70%
8ème 0838 Roche, Feu Wagomine
70%
5ème 0564 Roche, Eau Carapagos
65%
4ème 0438 Roche Manzaï
65%
6ème 0688 Roche, Eau Opermine
65%
3ème 0369 Roche, Eau Relicanth
65%
6ème 0713 Hisui : Roche, Glace Séracrawl d’Hisui
65%
2ème 0185 Roche Simularbre
65%
2ème 0213 Roche, Insecte Caratroc
61%
2ème 0222 Roche, Eau Corayon
61%
9ème 0970 Roche, Poison Floréclat
61%
9ème 0969 Roche, Poison Germéclat
61%
9ème 0934 Roche Gigansel
61%
8ème 0900 Roche, Insecte Hachécateur
61%
7ème 0745 Roche Lougaroc (Formes Nocturne, Diurne et Crépuscule)
61%
7ème 0774 Roche, Vol Météno (Forme Météore)
61%
7ème 0774 Roche, Vol Météno (Noyaux Orange, Jaune, Vert, Bleu, Bleu Ciel, Violet et Rose)
61%
7ème 0744 Roche Rocabot
61%
8ème 0834 Roche, Eau Torgamord
61%
7ème 0793 Roche, Poison Zéroid
61%
9ème 0933 Roche Amassel
57%
9ème 0932 Roche Selutin
57%
9ème 0995 Roche, Électrique Épine-de-Fer
52%
9ème 0950 Roche Craparoi
48%
8ème 0874 Roche Dolman
48%
9ème 1017 Roche, Plante Ogerpon
48%
9ème 1022 Roche, Psy Roc-de-Fer
48%
Aucun quiz correspondant
Distribution des résultats
% des personnes avec chaque résultat
Percentile par nombre de réponses
Votre historique - résultats
Vous n’avez pas pris ce quiz